| 000 | 00367nam a2200133Ia 4500 | ||
|---|---|---|---|
| 008 | 220217s9999||||xx |||||||||||||| ||und|| | ||
| 020 | _a0-07-148678-6 | ||
| 082 | _a005.13 SMI | ||
| 100 |
_aSmiley, John _92798 |
||
| 245 | 0 | _aLearn to program visual basic .net | |
| 260 |
_aTata mcgraw hill _bNew Delhi _c2002 |
||
| 300 | _b295 | ||
| 650 | _aPROGRAMMING LANGUAGE | ||
| 999 |
_c170028 _d170028 |
||